Statystyki dla Jakie kluby żużlowe zdobyły tytuł Drużynowego Mistrza Polski?

Kliknij tutaj aby rozwiązać quiz!

Ogólne statystyki

  • Ten quiz został rozwiązany 108 razy
  • Średni wynik to 11 z 13

Statystyki odpowiedzi

MiejsceLiczba zdobytych tytułów DMPKlub% Poprawnych
1.18Unia Leszno
99%
7.4KS Toruń
95%
6.5WTS Wrocław
93%
-2Speedway Lublin
91%
-7ZKŻ Zielona Góra
91%
-4Włókniarz Częstochowa
87%
4.7Polonia Bydgoszcz
84%
2.12KS Row Rybnik
80%
10.2ZKS Stal Rzeszów
78%
9.3Unia Tarnów
74%
3.9Stal Gorzów Wielkopolski
66%
121TS Polonia Piła
63%
-1PKM Warszawa
59%

Rozkład punktacji

Percentyl według liczby udzielonych odpowiedzi

Procent ludzi z każdym wynikiem

Twoja historia wyników

Nie rozwiązałeś tego quizu